Strategic Environmental Assessment of the Rural Development Programme Scoping Report (Record no. 115076)

MARC details
000 -LEADER
fixed length control field 01161cad a22001935a 4500
001 - CONTROL NUMBER
control field L158011
008 - FIXED-LENGTH DATA ELEMENTS--GENERAL INFORMATION
fixed length control field 131106s2013 xxk f 000 0 eng d
035 ## - SYSTEM CONTROL NUMBER
System control number (Sirsi) u158011
041 0# - LANGUAGE CODE
Language code of text/sound track or separate title eng
110 2# - MAIN ENTRY--CORPORATE NAME
Corporate name or jurisdiction name as entry element United Kingdom
Subordinate unit Department for Environment, Food and Rural Affairs
245 00 - TITLE STATEMENT
Title Strategic Environmental Assessment of the Rural Development Programme Scoping Report
Remainder of title October 2013[electronic resource]
260 ## - PUBLICATION, DISTRIBUTION, ETC.
Place of publication, distribution, etc. London
Name of publisher, distributor, etc. DEFRA
Date of publication, distribution, etc. 2013
520 ## - SUMMARY, ETC.
Summary, etc. Supporting information for consultation which seeks views on how Defra can measure the impact of the new Rural Development Programme (RDP) on the environment. The RDP in England provides money for projects to improve agriculture, the environment and rural life and there are separate rural development programmes for Scotland, Wales and Northern Ireland. The consultation closes on 5 December 2013.
590 ## - LOCAL NOTE (RLIN)
Local note KA
651 #4 - SUBJECT ADDED ENTRY--GEOGRAPHIC NAME
Geographic name United Kingdom
690 ## - LOCAL SUBJECT ADDED ENTRY--TOPICAL TERM (OCLC, RLIN)
Topical term or geographic name as entry element Rural
9 (RLIN) 6268
856 40 - ELECTRONIC LOCATION AND ACCESS
Uniform Resource Identifier <a href="https://consult.defra.gov.uk/communications/strategic-environmental-assessment/supporting_documents/RDP%20SEA%20Scoping%20Report.pdf">https://consult.defra.gov.uk/communications/strategic-environmental-assessment/supporting_documents/RDP%20SEA%20Scoping%20Report.pdf</a>
Public note View the scoping report free of charge at consult.defra.gov.uk
942 ## - ADDED ENTRY ELEMENTS (KOHA)
Suppress in OPAC 0
Holdings
Withdrawn status Lost status Source of classification or shelving scheme Damaged status Not for loan Home library Current library Shelving location Date acquired Total Checkouts Full call number Barcode Date last seen Copy number Price effective from Koha item type
    Dewey Decimal Classification     Virtual Virtual Online 06/11/2013   ONLINE PUBLICATION 158011-2001 06/08/2019 1 06/08/2019 Book